000 00398 a2200145 4500
005 20250527075449.0
020 _a0-06-389407-6
082 _a658.8 HAS
100 _aHASTY, R. W.
245 _aMarketing
260 _aNew York,
_bHarper & Row, Publishers, inc,
_c1975.
300 _axi, 404p.: ill.; graph, picture, table.
_bBibliographies, index.
_c24cm.
700 _aWILL, R. T.
942 _2ddc
_cBKS
999 _c2698
_d2698